1 image, 1 bande dessinée - Statistiques

Statistiques générales
  • Ce quiz a été pris 137 fois
  • Le résultat moyen est 10 sur 20
Statistiques - réponses
Par images Réponse % Correct
Tintin
100%
Astérix
96%
Boule et Bill
93%
Lucky Luke
91%
Spirou
89%
Gaston
87%
Yakari
84%
Les Schtroumpfs
79%
Les Tuniques Bleues
58%
Seuls
57%
Largo Winch
31%
Louca
31%
Thorgal
27%
Nelson
24%
Les enfants de la résistance
19%
Ric Hochet
19%
Bob et Bobette
15%
Buck Danny
13%
Klaw
7%
Franck
6%
Aucun quiz correspondant
Distribution des résultats
% des personnes avec chaque résultat
Percentile par nombre de réponses
Votre historique - résultats
Vous n’avez pas pris ce quiz